El problema del indio en la sensibilidad lírica de Rosario Castellanos / (Record no. 67323)

MARC details
000 -LEADER
campo de control de longitud fija 00642nam a2200193 i 4500
001 - NÚMERO DE CONTROL
campo de control 67323
003 - IDENTIFICADOR DE NÚMERO DE CONTROL
campo de control ES-MaACL
005 - FECHA Y HORA DE LA ÚLTIMA TRANSACCIÓN
campo de control 20230906170037.0
007 - CAMPO FIJO DE DESCRIPCIÓN FÍSICA--INFORMACIÓN GENERAL
campo de control de longitud fija t|
008 - DATOS DE LONGITUD FIJA--INFORMACIÓN GENERAL
campo de control de longitud fija 040518s2001 bo ||||1| spa d
080 ## - NÚMERO DE LA CLASIFICACIÓN DECIMAL UNIVERSAL
Número de la Clasificación Decimal Universal 821.134.2(72) Castellanos, Rosario 1.06
100 1# - ENTRADA PRINCIPAL--NOMBRE DE PERSONA
Nombre de persona Parada de Brown, Lydia.
9 (RLIN) 88907
245 13 - MENCIÓN DEL TÍTULO
Título El problema del indio en la sensibilidad lírica de Rosario Castellanos /
Mención de responsabilidad, etc. por Lidia Parada de Brown.
260 ## - PUBLICACIÓN, DISTRIBUCIÓN, ETC.
Lugar de publicación, distribución, etc. [Bolivia :
Nombre del editor, distribuidor, etc. s.n.,
Fecha de publicación, distribución, etc. 2001 ?]
300 ## - DESCRIPCIÓN FÍSICA
Extensión 130 p. :
Otras características físicas il. ;
Dimensiones 21 cm.
600 04 - PUNTO DE ACCESO ADICIONAL DE MATERIA--NOMBRE DE PERSONA
Nombre de persona Castellanos, Rosario,
Fechas asociadas al nombre 1925-1974
9 (RLIN) 36537
852 ## - LOCALIZACIÓN
Ubicación ES-MaACL
Número de control de estantería L-27564
Sublocalización o colección R.133086
Holdings
Estatus retirado Estado de pérdida Estado de daño No para préstamo Biblioteca de origen Biblioteca actual Ubicación en estantería Fecha de adquisición Fuente de adquisición Total de préstamos Signatura topográfica completa Código de barras Visto por última vez Precio de reemplazo Tipo de ítem Koha
        Biblioteca del Ateneo de Madrid Biblioteca del Ateneo de Madrid Depósito 2 17/01/2008     L-27564 1070501 23/02/2023 23/02/2023 Libro impreso